Falconer /

Gespeichert in:
Bibliographische Detailangaben
1. Verfasser: Cheever, John
Format: Buch
Sprache:English
Veröffentlicht: London : J. Cape, 1977.
LEADER 00790cam a2200229 a 4500
001 c000102966
003 CARM
005 19980805000000.0
008 840919s1977 enk 000 1 eng d
019 1 |a 3781350  |z 22436531  |z 64912288  |5 LACONCORD2021 
020 |a 0224014013 
035 |a (OCoLC)3509704  |5 LACONCORD2021 
040 |a NZOC  |b eng  |c NZOC  |d XSC 
050 1 4 |a PS3505.H6428  |b F44 1977 
082 0 4 |a 823/.9/1  |2 18 
100 1 |a Cheever, John. 
245 1 0 |a Falconer /  |c John Cheever. 
260 |a London :  |b J. Cape,  |c 1977. 
300 |a 211 p. ;  |c 21 cm. 
852 8 |b CARM  |h A2:AJ28G0  |i A02466  |p 0159479  |f BK 
999 f f |i 76137502-19b4-54b4-8b27-f0074bf2e5fb  |s 0e8f2611-8eca-591a-884f-ac314c6cf065 
952 f f |p Can circulate  |a CAVAL  |b CAVAL  |c CAVAL  |d CARM 1 Store  |e A02466  |f A2:AJ28G0  |h Other scheme  |i book  |m 0159479